header

Stress and Anxiety; scientific and natural treatments (Record no. 250994)

MARC details
000 -LEADER
fixed length control field 00251nam a22000977a 4500
020 ## - INTERNATIONAL STANDARD BOOK NUMBER
ISBN 9788496848054
100 ## - MAIN ENTRY--AUTHOR NAME
Personal name Ramon C Gelabert
245 ## - TITLE STATEMENT
Title Stress and Anxiety; scientific and natural treatments
260 ## - PUBLICATION, DISTRIBUTION, ETC. (IMPRINT)
Place of publication Spain
Name of publisher Ediciones Vidasana
942 ## - ADDED ENTRY ELEMENTS (KOHA)
Koha item type Long Loan Books
Holdings
Withdrawn status Lost status Collection code Home library Current library Shelving location Date acquired Full call number Accession Number Koha item type
    Non-fiction Rongo University Library Rongo University Library General Stacks 04/11/2015 RC531.G453 2007 20091922 Long Loan Books

© 2026 Rongo University
Contact us: librarian | system librarian | Rongo university